A letter sent to the Honorable William Lenthal Esq; Speaker of the Honorable House of Commons, : of the fight between His Excellency's the Lord Fairfax forces at Maidstone, and the Kentish forces, June 1. 1648. Printed by the command of William Lenthal Esq; Speaker of the Honorable House of Commons.

Bibliographic Details
Main Author: Rushworth, John, 1612?-1690
Format: eBook
Language:English
Published: London : Printed for Edward Husband, Printer to the Honorable House of Commons, June 3. 1648.
Series:Early English books online.
Subjects:
Online Access:Connect to the full text of this electronic book

MARC

Tag First Indicator Second Indicator Subfields
LEADER 00000nam a2200000 4500
001 in00004285813
005 20200813075400.0
006 m g d
007 cr bn |||a|bb|
008 930419s1648 enk o 00| | eng d
035 |a (UnM)99863368 
037 |a CL0051000002  |b ProQuest Information and Learning. 300 N. Zeeb Rd., Ann Arbor, MI 48106 
040 |a Cu-RivES  |c Cu-RivES  |d CStRLIN  |e dcrb  |d WaOLN 
100 1 |a Rushworth, John,  |d 1612?-1690. 
245 1 2 |a A letter sent to the Honorable William Lenthal Esq; Speaker of the Honorable House of Commons, :  |b of the fight between His Excellency's the Lord Fairfax forces at Maidstone, and the Kentish forces, June 1. 1648. Printed by the command of William Lenthal Esq; Speaker of the Honorable House of Commons. 
260 |a London :  |b Printed for Edward Husband, Printer to the Honorable House of Commons,  |c June 3. 1648. 
300 |a 1 online resource (7, [1] pages) 
336 |a text  |b txt  |2 rdacontent 
337 |a computer  |b c  |2 rdamedia 
338 |a online resource  |b cr  |2 rdacarrier 
500 |a Signed at end: John Rushworth. 
500 |a Reproduction of the original in the British Library. 
510 4 |a Wing (2nd edition)  |c R2324. 
510 4 |a Thomason  |c E.445[37]. 
533 |a Electronic reproduction.  |b Ann Arbor, Mich. :  |c UMI,  |d 1999-  |f (Early English books online)  |n Digital version of: (Thomason Tracts ; 70:E445[37])  |7 s1999 miun s 
600 1 0 |a Fairfax, Thomas Fairfax,  |c Baron,  |d 1612-1671. 
651 0 |a Great Britain  |x History  |y Civil War, 1642-1649  |x Campaigns  |z Kent  |v Early works to 1800. 
651 0 |a Maidstone (England)  |x History  |y 17th century  |v Early works to 1800. 
830 0 |a Early English books online. 
856 4 0 |u http://proxy.library.tamu.edu/login?url=https://search.proquest.com/docview/2240952774  |z Connect to the full text of this electronic book  |t 0 
999 f f |s 00f9cd93-5459-3e0f-9aa1-89169c91be2a  |i 4140c2f7-9828-31e5-acd6-311853c39c6a  |t 0 
952 f f |a Texas A&M University  |b College Station  |c Electronic Resources  |d Available Online  |t 0  |h No information provided 
998 f f |t 0  |l Available Online